Some aspects of vegetation at Nandi Hills (Record no. 21922)

MARC details
000 -LEADER
fixed length control field 00304nam a2200121Ia 4500
082 ## - DEWEY DECIMAL CLASSIFICATION NUMBER
Classification number 635.1
Item number BOR
100 ## - MAIN ENTRY--AUTHOR NAME
Personal name Boraiah, G
245 #0 - TITLE STATEMENT
Title Some aspects of vegetation at Nandi Hills
260 ## - PUBLICATION, DISTRIBUTION, ETC. (IMPRINT)
Place of publication Bangalore
Name of publisher UAS
Year of publication 1970
700 ## - ADDED ENTRY--PERSONAL NAME
Personal name Fathima, T
942 ## - ADDED ENTRY ELEMENTS (KOHA)
Koha item type Books
Holdings
Withdrawn status Lost status Damaged status Not for loan Home library Current library Date acquired Source of acquisition Full call number Accession Number Koha item type
        RRII Library RRII Library 16/12/2021 Auction 635.1 BOR 02639 Books